| 000 | 00495nam a2200169Ia 4500 | ||
|---|---|---|---|
| 999 |
_c12532 _d12532 |
||
| 003 | OSt | ||
| 005 | 20201005161300.0 | ||
| 008 | 190216s9999||||xx |||||||||||||| ||und|| | ||
| 040 | _coclc | ||
| 082 |
_a821.92 _bRAJ/W |
||
| 100 |
_aRajan, Chandra _95291 |
||
| 245 | 0 |
_aWinged Words: _bAn anthology of English Poems / _cChandra Rajan |
|
| 260 |
_bMacmillan, _c1968. _aMadras: |
||
| 300 | _a126p | ||
| 650 | _aEnglish Poetry | ||
| 942 |
_cBK _2ddc _h821.92 _iRAJ/W _k821.92 _mRAJ/W |
||